000 00523cam a2200145 4500500
005 20260405002355.0
041 _afre
042 _adc
100 1 0 _aLabey, Gildas
_eauthor
245 0 0 _aMazarine M. Pingeot Inappropriable Ce que l’IA fait à l’humain. Flammarion, « Climats », 2026, 176 pages, 21 €.
260 _c2026.
500 _a26
786 0 _nÉtudes | - | 4 | 2026-03-31 | p. 131-132 | 0014-1941
856 4 1 _uhttps://shs.cairn.info/revue-etudes-2026-4-page-131?lang=fr&redirect-ssocas=7080
999 _c2057128
_d2057128